| 000 | 01352nam a2200289Ia 4500 | ||
|---|---|---|---|
| 001 | H9996 | ||
| 003 | IT-RoPAU | ||
| 008 | 130308s9999 xx 000 0 und d | ||
| 040 | _aIT-RoPAU | ||
| 040 | _cIT-RoPAU | ||
| 041 | _aITALIANO | ||
| 100 | _aBallo Guido | ||
| 100 | _gCodice Aut. SPICS: 9633 | ||
| 245 | _aOcchio critico. Il nuovo sistema per vedere l'arte | ||
| 245 | _bOcchio Critico. Il Nuovo Sistema per Vedere L'Arte | ||
| 250 | _a1a ed. | ||
| 260 | _aMILANO | ||
| 260 | _bLonganesi | ||
| 260 | _c1966 [1° Ed.:1966 - Ed.Ling.Originale:1966] | ||
| 300 | _a"290 p. (prefazione: no ; testo: 290 [pagine: 0-0])" | ||
| 500 | _aOpera d'arte Gira. Occhio Comune o giudizio di Primo Grado. Frasi Fatte dell'Occhio Comune. Quando Occhio Comune guarda Nei musei e Commenta. Falso giudizio dell'Orecchiante. Occhio dell'Assolutista. Occhio Critico. Oltre Arte Pura tra Magia, Religone, contaminazione e Simboli. Illustrazione, Propaganda, Utilità. Valori e Simboli della Visibilità Pura. Funzione Decorativa nel Rapporto con Lo Spazio Ambientale. Ritmo, Proporzione e Movimento. Segno. partecipazione Espressiva e brutto nell'Arte. Nota Bibliografica. 200Illustrazioni in bianco e Nero e 30 a Colori. | ||
| 650 | _aSAGGI SULLE ARTI VISIVE | ||
| 650 | _eCodice materia Spics: 5011 | ||
| 942 | _cBK | ||
| 957 | _71 | ||
| 999 |
_c90880 _d90880 |
||
| 999 | _g1 | ||